Kế toán pháp; T1 Kế toán đại cương (Theo hệ thống tài khoản kế toán tổng năm 1982)
محفوظ في:
| المؤلف الرئيسي: | |
|---|---|
| التنسيق: | كتاب |
| اللغة: | Undetermined |
| منشور في: |
Hà Nội
Bộ Tài Chính
1991
|
| الموضوعات: | |
| الوسوم: |
إضافة وسم
لا توجد وسوم, كن أول من يضع وسما على هذه التسجيلة!
|
| Thư viện lưu trữ: | Trung tâm Học liệu Trường Đại học Cần Thơ |
|---|
| LEADER | 00613nam a2200181Ia 4500 | ||
|---|---|---|---|
| 001 | CTU_11210 | ||
| 008 | 210402s9999 xx 000 0 und d | ||
| 082 | |a 657 | ||
| 082 | |b L250/T1 | ||
| 100 | |a Lâm Bình Lễ | ||
| 245 | 0 | |a Kế toán pháp; T1 | |
| 245 | 0 | |b Kế toán đại cương (Theo hệ thống tài khoản kế toán tổng năm 1982) | |
| 245 | 0 | |c Lâm Bình Lễ, Lâm Bỉnh Kiệt, Phạm Huyên | |
| 260 | |a Hà Nội | ||
| 260 | |b Bộ Tài Chính | ||
| 260 | |c 1991 | ||
| 650 | |a accounting | ||
| 980 | |a Trung tâm Học liệu Trường Đại học Cần Thơ | ||